Tras las huellas de Unamuno

Salvato in:
Dettagli Bibliografici
Autore principale: Zubizarreta, Armando F (Autore)
Natura: Libro
Lingua:spagnolo
Pubblicazione: Madrid Taurus 1960
Serie:Ser y Tiempo, 26
Soggetti:
Tags: Aggiungi Tag
Nessun Tag, puoi essere il primo ad aggiungerne!!

MARC

LEADER 00000nam a2200000 a 4500
001 UCZ7838
003 CL-VaPUC
008 960112e19600000SP |||||||||||||||||spa|d
082 0 4 |a 863.09  |b ZUB  |2 21 
100 0 |a Zubizarreta, Armando F  |e author  |9 352829 
245 1 0 |a Tras las huellas de Unamuno 
300 |a 197 p 
942 |c BK 
945 |d 19960112 00:00:00  |a rleighto 
260 |a Madrid  |b Taurus  |c 1960 
600 0 7 |a UNAMUNO, MIGUEL DE  |2 CL-VaPUC  |9 312478 
650 0 |a Literatura española  |9 306261 
650 7 |a NOVELA ESPAÑOLA  |2 CL-VaPUC  |9 313139 
650 0 |a Crítica e interpretación   |9 255042 
583 |a last modification  |c 19960112 00:00:00  |k Rodrigo Vera 
490 0 |a Ser y Tiempo, 26 
999 |c 243835  |d 243833 
952 |0 0  |1 0  |4 0  |6 863_090000000000000_ZUB_1960  |7 0  |8 A  |9 257661  |a BIBEDU  |b BIBEDU  |d 2019-11-19  |i 3168956  |o 863.09 ZUB 1960  |p 3168956  |r 2019-11-19  |w 2019-11-19  |y BK  |k LIT